000 01230nam a2200241Ia 4500
003 Ost
005 20260507075356.0
008 260507s9999||||xx |||||||||||||| ||und||
020 _a8405169957
040 _cfsecg
041 _aara
082 _a330
100 _aحنان، رضوان حلوان
_eمؤلف
245 0 _aالمحاسبة المالية الخاصة :
_bالاقسام-الفروع التابعة-المحاسبة الدولية /
_c رضوان حلوان حنان
260 _aعمان:
_bدار الثقافة للنشر والتوزيع,
_c2009
300 _a427 صفحة؛
_bإيضاحات ؛
_c25 سم
520 _aمحاسبة المنشآت ذات الأقسام- محاسبة المنشآت ذات الفروع الداخلية المستقلة- محاسبة المنشآت ذات الفروع الداخلية التابعة- المحاسبة الدولية والفروع الخارجية- محاسبة بضاعة الأمانة- محاسبة البيع بالتقسيط
653 _aالمحاسبة
653 _aالمحاسبة الحكومية
653 _aمحاسبة الشركات
700 _aجوزيف، كحالة جبرائيل
_eمؤلف ثانوي
942 _cكتاب
999 _c44229
_d44229